000 00468nam a2200181Ia 4500
001 2045
005 20260306143813.0
008 260306t2016||||xx |||||||||||||| ||spa||
041 _aESP
082 _a611.8
_bB187
100 _aBustamante B., Jairo
_eAUT
245 0 _aNeuroanatomía funcional y clínica:
_batlas del sistema nervioso central
260 _c2016
300 _a532 páginas :
_c24 cm.
650 _aGEN
654 _aCPS
942 _cLIB
_dJUS
_fJUS
_2ddc
_n
999 _c2045
_d2045